000 00352nam a2200121Ia 4500
008 220204s9999 xx 000 0 und d
082 _a338.43.01
_bBOU
100 _aBoussard, Jean-Marc
245 0 _aImpact of structural adjustment on smallholders
260 _aRome
_bFAO
_c1992
490 _aFAO economic and social development paper 103
942 _cBK
999 _c40906
_d40906